000 00790cam a22002411 4500
001 8938810
008 740917s1966 xx 000 0 eng
010 _a 66015676
035 _a(OCoLC)1012525
040 _aDLC
_cCUZ
_dIaFairM
_dOCoLC
_dOWK
_dOCoLC
_dUk
_dDLC
_beng
_erda
050 0 0 _aJN118
_b.V4
100 1 _aVerney, Douglas V.
245 1 0 _aBritish government and politics;
_blife without a declaration of independence
_c[by] Douglas V. Verney.
264 _aNew York :
_bHarper & Row,
_c1966.
300 _aix, 226pages.
_c21cm.
336 _atext
_btxt
337 _aunmediated
_bn
338 _2rdacarrier
490 0 _aHarper's comparative government series
651 0 _aGreat Britain
942 _cOS
999 _c44775
_d44775